| 000 | 00813nam a2200181Ia 4500 | ||
|---|---|---|---|
| 008 | 100920s9999 xx 000 0 und d | ||
| 082 |
_b80144 _a51 न 01 |
||
| 100 | _aसुंठणकर स. वि. | ||
| 245 | _aमाझी जीवनकथा (जॉर्ज वॉशिंग्टन कार्रव्हर). | ||
| 260 |
_bवरदा प्रकाशन प्रा.लि. पुणे 16. _c2001 |
||
| 300 |
_a138 _bसाधी |
||
| 365 | _b50 | ||
| 520 | _aचरित्र. | ||
| 630 | _aमाझी जीवनकथा (जॉर्ज वॉशिंग्टन कार्रव्हर). | ||
| 650 | _aचरित्र. | ||
| 730 | _aमाझी जीवनकथा (जॉर्ज वॉशिंग्टन कार्रव्हर). | ||
| 942 | _cBOOK | ||
| 999 |
_c721076 _d721073 |
||